|
|
|
|
| LEADER |
02537nam a2200457 4500 |
| 001 |
ocn702370230 |
| 003 |
OCoLC |
| 005 |
20180501121939.0 |
| 006 |
m o d |
| 007 |
cr cnu---unuuu |
| 008 |
110217s2010 enka ob 001 0 eng d |
| 040 |
|
|
|a N$T
|b eng
|e pn
|c N$T
|d YDXCP
|d OCLCQ
|d OPELS
|d OCLCQ
|d GrThAP
|
| 020 |
|
|
|a 9780123849779
|q (electronic bk.)
|
| 020 |
|
|
|a 0123849772
|q (electronic bk.)
|
| 020 |
|
|
|a 9780123849762
|q (electronic bk.)
|
| 020 |
|
|
|a 0123849764
|q (electronic bk.)
|
| 035 |
|
|
|a (OCoLC)702370230
|
| 050 |
|
4 |
|a QP801.S4
|b P43 2010eb
|
| 072 |
|
7 |
|a MED
|x 057000
|2 bisacsh
|
| 072 |
|
7 |
|a PSY
|x 020000
|2 bisacsh
|
| 082 |
0 |
4 |
|a 612.8/042
|2 22
|
| 049 |
|
|
|a TEFA
|
| 245 |
0 |
0 |
|a Pharmacology of 5-HT6 receptors.
|n Pt. 1 /
|c edited by Franco Borsini.
|
| 260 |
|
|
|a Amsterdam ;
|a Boston :
|b Academic Press/Elsevier,
|c ©2010.
|
| 300 |
|
|
|a 1 online resource (xii, 211 pages) :
|b illustrations.
|
| 336 |
|
|
|a text
|b txt
|2 rdacontent
|
| 337 |
|
|
|a computer
|b c
|2 rdamedia
|
| 338 |
|
|
|a online resource
|b cr
|2 rdacarrier
|
| 490 |
1 |
|
|a International review of neurobiology,
|x 0074-7742 ;
|v vol. 94
|
| 504 |
|
|
|a Includes bibliographical references and index.
|
| 588 |
0 |
|
|a Print version record.
|
| 520 |
|
|
|a The serotonin 5-HT6 receptor represents a novel pharmacological target whose impact on physiopathology of CNS functions remains undetermined. Some receptor antagonists have been synthesized and they show a modulatory role in learning and memory processes, and food intake. The pharmacology of 5-HT6 receptor agonists is still under evaluation. However, both 5-HT6 antagonists and agonists seem to exert potential antidepressant activity. Recently, a second messenger system has been discovered. 5-HT6 receptor function is becoming more and more intriguing. Thus, the aim of the present book is to try to clarify the pharmacology of 5-HT6 receptors. written by expert researchers covers all published literature to date in the field of 5-HT6 receptors.
|
| 650 |
|
0 |
|a Serotonin
|x Receptors.
|
| 650 |
|
0 |
|a Central nervous system
|x Pathophysiology.
|
| 650 |
|
7 |
|a MEDICAL
|x Neuroscience.
|2 bisacsh
|
| 650 |
|
7 |
|a PSYCHOLOGY
|x Neuropsychology.
|2 bisacsh
|
| 655 |
|
4 |
|a Electronic books.
|
| 700 |
1 |
|
|a Borsini, Franco.
|
| 776 |
0 |
8 |
|i Print version:
|t Pharmacology of 5-HT6 receptors.
|d Amsterdam ; Boston : Academic Press/Elsevier, ©2010
|z 9780123849762
|w (OCoLC)657600302
|
| 830 |
|
0 |
|a International review of neurobiology ;
|v v. 94.
|
| 856 |
4 |
0 |
|u https://www.sciencedirect.com/science/bookseries/00747742/94
|z Full Text via HEAL-Link
|